Sports Quiz

Random Sports or Olympics Quiz

All countries that won a summer olympic medal Quiz Stats

 Plays Quiz not verified by Sporcle

Score 0/135 Timer 10:00
0 Plays Today
Rank Team % Correct
1United States of America
98%
2Russia
93.1%
6France
93.1%
3Germany
92.1%
19Canada
91.1%
9Australia
90.1%
4United Kingdom
89.1%
5China
89.1%
7Italy
89.1%
42Mexico
87.1%
11Japan
86.1%
36Argentina
86.1%
10Sweden
85.1%
32Brazil
85.1%
15Netherlands
84.2%
20Norway
84.2%
23New Zealand
84.2%
25Spain
84.2%
12Finland
82.2%
17Poland
82.2%
26Belgium
82.2%
37Austria
82.2%
54Egypt
82.2%
8Hungary
81.2%
13South Korea
81.2%
31Kenya
81.2%
61Portugal
81.2%
33South Africa
80.2%
14Romania
79.2%
29Greece
79.2%
49India
79.2%
71Chile
79.2%
24Denmark
78.2%
21Bulgaria
77.2%
34Jamaica
77.2%
41Belarus
77.2%
22Switzerland
76.2%
27Turkey
76.2%
40North Korea
76.2%
30Serbia
75.2%
28Ukraine
74.3%
35Ethiopia
74.3%
81Israel
74.3%
18Czech Republic
73.3%
39Iran
73.3%
Rank Team % Correct
58Colombia
73.3%
77Peru
73.3%
46Estonia
72.3%
53Indonesia
72.3%
56Morocco
72.3%
=127Iraq
72.3%
16Cuba
71.3%
45Ireland
71.3%
64Latvia
71.3%
44Slovakia
70.3%
43Croatia
70.3%
55Lithuania
70.3%
67Pakistan
70.3%
=115Paraguay
70.3%
47Thailand
69.3%
60Algeria
69.3%
65Nigeria
69.3%
=112Niger
69.3%
76Uruguay
68.3%
93Panama
67.3%
=77Vietnam
67.3%
38Kazakhstan
66.3%
104Iceland
66.3%
59Slovenia
65.3%
73Armenia
65.3%
=110Saudi Arabia
65.3%
52Azerbaijan
64.4%
74Venezuela
64.4%
57Bahamas
63.4%
70Mongolia
63.4%
=88Ecuador
63.4%
100Malaysia
62.4%
112Haiti
61.4%
=84Syria
60.4%
50Georgia
59.4%
=115Montenegro
59.4%
109Ghana
59.4%
63Tunisia
58.4%
62Taiwan
58.4%
=94United Arab Emirates
58.4%
72Trinidad and Tobago
56.4%
95Fiji
56.1%
48Uzbekistan
55.4%
=88Luxembourg
55.4%
102Philippines
55.4%
Rank Team % Correct
=115Cyprus
55.4%
=115Sudan
55.4%
108Qatar
55.4%
126Afghanistan
55.4%
=127Macedonia
55.4%
66Zimbabwe
53.5%
68Dominican Republic
53.5%
=82Tajikistan
52.5%
92Kuwait
52.5%
127Barbados
51.5%
84Bahrain
51.5%
69Cameroon
50.5%
82Costa Rica
50.5%
=104Lebanon
50.5%
80Singapore
50.5%
105Tanzania
50.5%
=127Guyana
50.5%
101Namibia
49.5%
=115Botswana
49.5%
75Uganda
48.5%
=112Zambia
48.5%
=115Guatemala
47.5%
94Mozambique
46.5%
103Moldova
46.5%
=94Suriname
45.5%
=105Sri Lanka
45.5%
=84Côte d'Ivoire
45.5%
=95Jordan
43.9%
=88Grenada
43.6%
=127Eritrea
41.6%
110Kyrgyzstan
40.6%
=115Senegal
40.6%
=127Togo
40.6%
88Burundi
38.6%
=115Tonga
37.6%
=95Kosovo
34.1%
=84Hongkong
33.7%
=127Mauritius
31.7%
79Puerto Rico
30.7%
=115Gabon
30.7%
=127Djibouti
27.7%
=127Bermuda
26.7%
=115Virgin Islands of the United States
19.8%
115Netherlands Antilles
8.9%
51Mixed teams
5%

You're not logged in!

Compare scores with friends on all Sporcle quizzes.
OR
Log In

Sporcle TV

Today on Sporcle TV


Watch our educational content, quiz creation guides, and fun videos on Sporcle TV.

Show Comments

Extras

Top Quizzes Today


Score Distribution

Your Account Isn't Verified!

In order to create a playlist on Sporcle, you need to verify the email address you used during registration. Go to your Sporcle Settings to finish the process.

Report this User

Report this user for behavior that violates our Community Guidelines.

Details: